Disney channel tv shows. - Statistics

General Stats
  • This quiz has been taken 397 times
    375 since last reset
  • The average score is 11 of 35
Answer Stats
Hint Answer % Correct
Hannah Montana Forever
77%
Jessie
77%
Good Luck Charlie
69%
Wizards of Waverly Place
68%
That's So Raven
63%
Austin and Ally
60%
Shake it up
58%
Liv and Maddie
55%
The Suite Life On Deck
55%
A.N.T Farm
54%
Lizzie McGuire
41%
Phineas and Ferb
41%
Sonny with a chance
39%
Dog with a Blog
38%
Kim Possible
38%
The Suite Life of Zack and Cody
37%
Cory in the House
32%
Even Stevens
27%
J.O.N.A.S!
26%
Gravity Falls
25%
Phil of the Future
24%
Mickey Mouse Clubhouse
22%
The Proud Family
17%
Fish Hooks
15%
Sofia The First
12%
Jake and the Neverland Pirates
7%
My Babysitter's a Vampire
6%
Handy Manny
4%
Lilo & Stitch: The Series
3%
So Weird
3%
Flash Forward
2%
Art Attack
1%
Code: 9
1%
Mustingo!
1%
Special Agent OSO
1%
No matching quizzes found
Score Distribution
Percent of People with Each Score
Percentile by Number Answered
Your Score History
You have not taken this quiz since the last reset